Starkauskas, Juozas. Čekistinė kariuomenė Lietuvoje 1944 - 1953 metais. - Vilnius : Lietuvos Gyventoju̜ Genocido ir Rezistencijos Tyrimo Centras. - 1998 [Rezension]
| Titel: | Starkauskas, Juozas. Čekistinė kariuomenė Lietuvoje 1944 - 1953 metais. - Vilnius : Lietuvos Gyventoju̜ Genocido ir Rezistencijos Tyrimo Centras. - 1998 [Rezension] |
|---|---|
| Verfasser: | |
| Körperschaft: | |
| In: |
Studia z dziejów Rosji i Europy Środkowo-Wschodniej, Band 35 (2000), Seite 283-285 alle Artikel anzeigen |
| Veröffentlicht: | 2000 |
| Format: | Aufsatz |
| Sprache: | Polnisch |
X
alg: 39481879 001A $01999:12-11-16 001B $01999:03-08-21 $t21:03:19.000 001D $01999:12-11-16 001U $0utf8 001X $00 002@ $0Aox 003@ $0394818792 007A $0394818792 $aHEB 007T $0Herda22796v 010@ $apol 011@ $a2000 021A $aStarkauskas, Juozas. Čekistinė kariuomenė Lietuvoje 1944 - 1953 metais. - Vilnius : Lietuvos Gyventoju̜ Genocido ir Rezistencijos Tyrimo Centras. - 1998 [Rezension] 028A $aMakowski $dBronisław 029F $ai-2000-1411 031A $d35 $h283-285 $j2000 039B $aIn $8--Abvc--. Studia z dziejów Rosji i Europy Środkowo-Wschodniej. - Warszawa : Wydawn. Naukowe Semper, 1992-. - ISSN 1230-5057 $x200000000350000717 $9048641332 039T $8--Aau--Starkauskas, Juozas [Tnd]. Čekistinė kariuomenė Lietuvoje 1944 - 1953 metais. - Vilnius : Lietuvos Gyventoju̜ Genocido ir Rezistencijos Tyrimo Centras, 1998. - 541 S.. - Ill., Kt.. - ISBN 9986-757-20-7 $9118968157 045F $a900.94793 $eDDC23BSB 045F/01 $a900 045F/03 $g4793 045T $a7,41 lok: 39481879 78 exp: 39481879 78 1 #EPN 201B/01 $018-11-16 $t12:50:14.000 201U/01 $0utf8 203@/01 $0791117391 208@/01 $a12-11-16 $be 209A/01 $a/ $f000 $x00 220C/01 $aTitelaufnehmer: it 220C/01 $aHerkunft: LII Vilnius / Irena Tumelytė 220C/01 $aAnmerkung: *uA 244Z/01 $2Trx $#Litauen $#Lithuania $#Litwa $#Litva $#Litva $8--Trx--Lietuva $x01 $9391193457 244Z/01 $2Trx $#arvustused $#recenzijos $#Reviews $#recenziók $#recenzje $#recenzie $#recenze $8--Trx--Rezensionen $x02 $9391357441 247C/01 $82080>Marburg/Lahn, Herder-Institut, Forschungsbibliothek, Bibliographieportal $9336309341
| LEADER | 00000caa a22000002c 4500 | ||
|---|---|---|---|
| 001 | 394818792 | ||
| 003 | DE-603 | ||
| 005 | 20210803210319.0 | ||
| 007 | tu | ||
| 008 | 161112s2000 xx |||| | u00||u|pol c | ||
| 035 | |a (DE-599)HEB394818792 | ||
| 040 | |a DE-603 |b ger |c DE-603 |d DE-603 | ||
| 041 | |a pol | ||
| 082 | 0 | 4 | |8 1\u |a 900.94793 |q DE-101 |2 23/BSB |
| 084 | |a 7,41 |2 ssgn | ||
| 085 | |8 1\u |b 900 | ||
| 085 | |8 1\u |z 2 |s 4793 | ||
| 100 | 1 | |a Makowski, Bronisław | |
| 245 | 0 | 0 | |a Starkauskas, Juozas. Čekistinė kariuomenė Lietuvoje 1944 - 1953 metais. - Vilnius : Lietuvos Gyventoju̜ Genocido ir Rezistencijos Tyrimo Centras. - 1998 [Rezension] |
| 264 | 0 | |c 2000 | |
| 710 | 2 | |a i-2000-1411 | |
| 773 | 0 | 8 | |i In |t Studia z dziejów Rosji i Europy Środkowo-Wschodniej |d Warszawa : Wydawn. Naukowe Semper, 1992- |x 1230-5057 |g Band 35 (2000), Seite 283-285 |w (DE-603)048641332 |w (DE-600)1176803-4 |
| 787 | 0 | 8 | |i Rezension von |a Starkauskas, Juozas |t Čekistinė kariuomenė Lietuvoje 1944 - 1953 metais |d Vilnius : Lietuvos Gyventoju̜ Genocido ir Rezistencijos Tyrimo Centras, 1998 |h 541 S., Ill., Kt. |z 9986757207 |w (DE-603)118968157 |
| 924 | 0 | |9 2080 |a (DE-603)791117391 |b DE-2080 |c HES |d d |g / | |


